LDR 00933naa#a2200181#i#450# 001 RU\\bibl\19458 005 20260516023304.6 100 ## _a20260515b2026####ek#y0rusy0150####ca 102 ## _aRU 200 1# _aРОСТ И ПРОДУКТИВНОСТЬ ЛЕСОСТЕПНЫХ ЭКОТИПОВ СОСНЫ ОБЫКНОВЕННОЙ В УСЛОВИЯХ МЕЩЁРСКОЙ НИЗМЕННОСТИ _eСтатья/тезисы конференции 210 1# _aВоронеж _cВоронежский государственный лесотехнический университет имени Г.Ф. Морозова _d2026 215 ## _a6 с. 608 ## _aСтатья/тезисы конференции _2local 675 ## _aЛесное хозяйство. Лесоводство. 630 _z 700 #1 _aМельник _gПетр Григорьевич 700 #1 _aАртамонова _gА. Н. 700 #1 _aЧелноков _gТ. Н. 856 4# _abibl.vgltu.ru _u